000 00581nam a2200229Ia 4500
003 OSt
005 20220924144522.0
006 a|||||r|||| 00| 0
007 ta
008 220923b |||||||| |||| 00| 0 urd d
024 _a315260
037 _cTextual
040 _aARTS
_cARTS
_burd
041 _2urd
_aurd
082 _aO168,1M81:g, Q0
100 _aMoseed Rasheedi
_9217782
245 0 _aWahsat Hayat aur khidmat
260 _c2010
650 _aURDU POETRY
942 _hO168,1M81:g, Q0
_cTEXL
_2CC
999 _c457314
_d457314